00516nam a22001577a 450000500170000000800410001704000070005824500350006525000330010049000240013352001230015765000150028065000280029565000140032365000210033720250513163437.0250513b |||||||| |||| 00| 0 eng d cDO aAbraham father of three faiths aDecember 2001 Vol. 200 No. 6 aNational Geographic aAntarctica, Islands of Ice, Silicon Valley, The Future is Calling, Supercroc, Journey of Faith, Eyewitness Afghanistan xANTARTICA  xANTARTICA'S ICE ISLANDS xSUPERCROC xJOURNEY OF FAITH